| 000 | 00904cam6a220025300 4500 | ||
|---|---|---|---|
| 001 | tmp15381017 | ||
| 003 | UPRA | ||
| 005 | 20190823084408.0 | ||
| 008 | 950801s1973 enk eng u | ||
| 035 | _a(Sirsi) r54454 | ||
| 035 | _a(UPRA)tmp15381017 | ||
| 040 | _cUPRA | ||
| 100 | 1 |
_aEnglehardt, Wolfgang. _6A13204.1 |
|
| 245 | 1 | 4 |
_aThe young specialist looks at pond-life / _ctr. by Heather J. Fisher ; ed. and adapted by Roderick C. Fisher. |
| 246 | 3 | 0 | _aPond-life |
| 260 |
_aLondon : _bBurke Books, _c1973. |
||
| 504 | _aBibliography: p. 199. | ||
| 650 | 0 |
_aFreshwater ecology. _6S8515.1 |
|
| 949 |
_aQH541.5 _wlcc _i33729000207535 _mMAIN _p2500 _tBOOK _lON-SHELF |
||
| 949 |
_aQH541.5 _wlcc _i33729000207592 _mMAIN _p2500 _tBOOK _lON-SHELF |
||
| 949 |
_aQH541.5 _wlcc _i33729000207659 _mMAIN _p2500 _tBOOK _lON-SHELF |
||
| 949 |
_aQH541.5 _wlcc _i33729000207717 _mMAIN _p2500 _tBOOK _lON-SHELF |
||
| 004 | 54454 | ||
| 999 |
_c140182 _d140182 |
||